000 00344nam a2200145Ia 4500
008 150301s2015 xx 000 0 und d
082 _a615.7
_bB12K
100 _aKULKARNI, J.S
245 _aBIOPHARMACEUTICAL & PHARMACOKINETICS
250 _a1ST
260 _bCBS- DELHI
300 _a300
650 _aPHARMACOKINETICS
942 _2ddc
_cBK
_01
999 _c7251
_d7251